| 000 | 00497nam a22001937a 4500 | ||
|---|---|---|---|
| 003 | NUST-PNEC | ||
| 005 | 20170114142445.0 | ||
| 008 | 140331b xxu||||| |||| 00| 0 eng d | ||
| 040 | _cPNEC | ||
| 082 | _a510 YUS | ||
| 100 |
_99 _aYusuf S.M |
||
| 245 |
_aMethematical Methods _cS.M YUSUF, Abdul Majeed, Muhammad Amin |
||
| 250 | _a2nd | ||
| 260 |
_aLahore _bilmi kitab khana _cc.2002 |
||
| 300 |
_ax, 554p. _bill: _c22 cm |
||
| 500 | _aIncludes index. | ||
| 650 | _xME, BSMIS, EE | ||
| 942 |
_2ddc _cBK |
||
| 999 |
_c59969 _d59969 |
||